Computadores electrónicos /

Guardado en:
Autor Principal: Hollingdale, S. H.
Otros Autores: Tootill, G. C.
Formato: Libro
Publicado: España : Alianza, 1969
Edición:2a. ed.
Materias:
Etiquetas: Agregar Etiqueta
Sin Etiquetas, Sea el primero en etiquetar este registro!
LEADER 00935nam a22002175a 4500
001 CEM.cems003265
005 19000101000000.0
008 130507s1969##################000#0#####d
003 CEMS
082 0 4 |a 621.34 
100 1 |a Hollingdale, S. H. 
245 1 0 |a Computadores electrónicos /  |c S. H. Hollingdale 
250 |a 2a. ed. 
260 |a España :  |b Alianza,  |c 1969 
300 |a 394 p. 
505 0 |a Fundamentos de cibernética.-Teor¡a de la automaci¢n. L¢gica y teor¡a de la informaci¢n.-Método cient¡fico y modelos biol¢gicos.-Computadores digitales.-Teor¡as cognoscitivas.-Modelos cibernéticos de la percepci¢n. -Modelos cognoscitivos.-Lenguaje e inteligencia artificial.-Modelos del sistema nervioso.-Cibernética y biolog¡a 
653 |a Computacion 
653 |a Computadoras digitales 
653 |a Computadoras electronicas 
700 1 |a Tootill, G. C. 
859 |a CEMS  |b BIB. CEMS - 11 de abril  |h 621.34  |i H724  |p 1349.74  |t Ej.1